| 000 | 00571nam a22001817a 4500 | ||
|---|---|---|---|
| 005 | 20250327155441.0 | ||
| 008 | 250327b |||||||| |||| 00| 0 eng d | ||
| 041 | _aeng | ||
| 082 |
_a72028 _bBAH |
||
| 100 |
_aBahadure Anuja _9211769 |
||
| 245 | _aImpact OF Urbanization On Sociability | ||
| 250 | _aIncluding Ekistics Principle For Sociability In Housing Design | ||
| 260 |
_aPune _bBNCA M Arch Digital Architecture _cmay 2022 |
||
| 300 |
_a53pages _bHb _c21 x 30 |
||
| 365 |
_a150.00 _bINR _crupaye |
||
| 500 | _aBNCA-M Arch Digital Architecture Thesis | ||
| 942 | _cPR | ||
| 999 |
_c365804 _d365804 |
||